000 00750nam a2200241 a 4500
001 BRCA_5488
005 20190320205112.0
008 020211s1938----enka######---#000-0#eng-#
041 _aeng
044 _aenk
050 4 _aN1070
_b.O63 1938
245 1 0 _aOne hundred details from pictures in the National Gallery
_cintroduction & notes by Kenneth Clark.
260 _aLondres
_bHarrison
_c1938
300 _axxviii, 100 p.
_bil., 100 láminas
_c34 cm.
500 _aEstado físico: Camisa deteriorada
500 _aE164
610 2 4 _aNational Gallery (Londres)
_914025
650 1 4 _aPinturas
_vExposiciones
_zLondres
_914026
650 1 4 _aGalerías y museos
_zLondres
_914027
700 1 _aClark, Kenneth
_96038
902 _aGFM
942 _2lcc
_cB
999 _c5182
_d5182